zpět

Detail výsledku týmu

Eden, Heřmanův Městec

Datum a čas kvízu

30.5 Celkem bodů Celkový počet nahraných bodů na tomto kvízu bez doplňovacích otázek.
5. Pořadí na kvízu Konečné umístění týmu na tomto kvízu.

Zaznamenané odpovědi

# Otázka Odpověď Body Výsledky
1. Nové politické hnutí bývalého... Martin Kuba; Jihočeský 1
2. Jeden americký stát zasáhla vl... Florida 1
3. Minulý týden byl představen tr... Michael 0
4. Která fiktivní postava z fanta... B) Draco Malfoy 0
5. Přestože oficiální zahájení ol... v curlingu 1
6. 29. května roku 1500 umírá pob... Bartolomeu Dias 0
7. 8. února 1700 se narodil Danie... A) proudění tekutin 0
8. Za kulatý letopočet budeme dne... Brouček 1
9. 16. listopadu 1900 se v Olomou... Eliška Junková 0
10. Od 15. září do 1. října 2000 s... Štěpánka Hilgertová; Sydney 0.5